[Event "Oberliga Sued W 2324"]
[Site "Germany"]
[Date "2023.10.15"]
[Round "2.1"]
[White "Bastian, Herbert"]
[Black "Mayer, Frank"]
[Result "1/2-1/2"]
[WhiteElo "2246"]
[BlackElo "2264"]
[PlyCount "44"]
[EventDate "2023.09.17"]
[EventType "team-tourn"]
[EventRounds "9"]
[EventCountry "GER"]
[SourceTitle "EXT 2025"]
[Source "ChessBase"]
[SourceDate "2024.10.14"]
[SourceVersion "1"]
[SourceVersionDate "2024.10.14"]
[SourceQuality "1"]
[WhiteTeam "Saarbruecken SVG"]
[BlackTeam "Illingen Turm"]
[WhiteTeamCountry "GER"]
[BlackTeamCountry "GER"]

1. e4 c5 2. Nc3 e6 3. g3 d5 4. d3 Nf6 5. Bg2 Nc6 6. Nge2 d4 7. Nb1 e5 8. 0-0 h5 9. Bg5 Be7 10. h3 Nh7 11. Bxe7 Qxe7 12. f4 h4 13. g4 g5 14. f5 Bd7 15. Nd2 0-0 16. Nf3 f6 17. a4 Rfc8 18. Rf2 Be8 19. Bf1 Bf7 20. c3 Rc7 21. Nc1 Rd8 22. c4 b6 1/2-1/2

[Event "Oberliga Sued W 2122"]
[Site "Germany"]
[Date "2022.06.12"]
[Round "4.2"]
[White "Geyer, Bernhard"]
[Black "Bastian, Herbert"]
[Result "0-1"]
[WhiteElo "2152"]
[BlackElo "2247"]
[PlyCount "98"]
[EventDate "2021.10.24"]
[EventType "team-tourn"]
[EventRounds "9"]
[EventCountry "GER"]
[SourceTitle "EXT 2023"]
[Source "ChessBase"]
[SourceDate "2022.10.05"]
[SourceVersion "1"]
[SourceVersionDate "2022.10.05"]
[SourceQuality "1"]
[WhiteTeam "Frankenthal"]
[BlackTeam "Saarbruecken"]
[WhiteTeamCountry "GER"]
[BlackTeamCountry "GER"]

1. e4 c5 2. Nc3 Nc6 3. g3 g6 4. Bg2 Bg7 5. d3 d6 6. f4 e6 7. Nf3 Nge7 8. 0-0 0-0 9. Be3 b6 10. d4 Ba6 11. Rf2 Qc7 12. Ne2 cxd4 13. Nexd4 Rac8 14. Rc1 Na5 15. b3 e5 16. Ne2 Bb7 17. Ne1 f5 18. exf5 Nxf5 19. Bd5+ Kh8 20. Ng2 Nxe3 21. Nxe3 Qc5 22. Bxb7 Nxb7 23. Qd2 Rce8 24. b4 Qc7 25. c4 Qf7 26. Rcf1 Qc7 27. Qd3 Nd8 28. f5 e4 29. Qd5 Re5 30. Qd1 Nf7 31. fxg6 hxg6 32. Nf4 Kh7 33. Qg4 Ng5 34. Nfd5 Qd8 35. Rxf8 Bxf8 36. Nf6+ Kg7 37. Rf4 b5 38. Nd7 Be7 39. Nxe5 dxe5 40. Rf1 Nf3+ 41. Kh1 Qd3 42. Qe6 Bf6 43. Rd1 Qxe3 44. Qd7+ Kh6 45. Qh3+ Kg5 46. Qh7 Qe2 47. h4+ Kg4 48. Qxg6+ Bg5 49. Qe6+ Kxg3 0-1

[Event "GER-ch"]
[Site "Magdeburg"]
[Date "2020.08.19"]
[Round "5"]
[White "Bastian, Herbert"]
[Black "Mons, Leon"]
[Result "0-1"]
[WhiteElo "2272"]
[BlackElo "2540"]
[PlyCount "54"]
[EventDate "2020.08.16"]
[EventType "swiss"]
[EventRounds "9"]
[EventCountry "GER"]
[SourceTitle "CBM 197 Extra"]
[Source "ChessBase"]
[SourceDate "2020.09.30"]
[SourceVersion "1"]
[SourceVersionDate "2020.09.30"]
[SourceQuality "1"]

1. e4 c5 2. Nc3 Nc6 3. g3 g6 4. Bg2 Bg7 5. d3 d6 6. f4 e6 7. Nf3 Nge7 8. 0-0 0-0 9. Be3 b6 10. Qd2 Nd4 11. Nd1 Bb7 12. Nh4 f5 13. c3 Ndc6 14. Nf3 Qd7 15. Nf2 Nd8 16. Rad1 Nf7 17. Qc2 Bc6 18. Rfe1 Qb7 19. Bc1 e5 20. d4 exd4 21. cxd4 fxe4 22. Nxe4 Nf5 23. dxc5 dxc5 24. g4 Rae8 25. Neg5 Nd4 26. Qf2 Nxg5 27. Nxg5 h6 0-1

[Event "GER-ch"]
[Site "Magdeburg"]
[Date "2020.08.18"]
[Round "3"]
[White "Koellner, Ruben Gideon"]
[Black "Bastian, Herbert"]
[Result "0-1"]
[WhiteElo "2376"]
[BlackElo "2272"]
[PlyCount "186"]
[EventDate "2020.08.16"]
[EventType "swiss"]
[EventRounds "9"]
[EventCountry "GER"]
[SourceTitle "CBM 197 Extra"]
[Source "ChessBase"]
[SourceDate "2020.09.30"]
[SourceVersion "1"]
[SourceVersionDate "2020.09.30"]
[SourceQuality "1"]

1. d4 Nf6 2. Bg5 Ne4 3. Bf4 g6 4. e3 Bg7 5. Bd3 Nf6 6. Nc3 d6 7. h3 Nbd7 8. Nf3 c6 9. e4 Nh5 10. Bg5 h6 11. Be3 e5 12. dxe5 dxe5 13. Qd2 Qf6 14. 0-0-0 Nf4 15. Bxf4 Qxf4 16. Qxf4 exf4 17. Ne2 g5 18. h4 f6 19. Ned4 g4 20. Nd2 Ne5 21. h5 Bf8 22. N2b3 Bd7 23. Ne2 f3 24. gxf3 Nxf3 25. Nf4 Ne5 26. Ng6 Rg8 27. Nxe5 fxe5 28. Rdg1 Be7 29. Na5 b5 30. Rg2 0-0-0 31. Be2 Rdf8 32. Nb3 Rf4 33. Bd3 Rgf8 34. Rhh2 Kc7 35. Kd1 Kb6 36. Nd2 Be6 37. b3 Bb4 38. Nf1 Bc3 39. Ke2 a5 40. Ng3 c5 41. Kd1 c4 42. bxc4 bxc4 43. Ne2 cxd3 44. Nxc3 Rc8 45. Kd2 dxc2 46. Rg3 Rxe4 47. Kxc2 Rb4 48. Kd2 Bxa2 49. Nxa2 Rb2+ 50. Kd3 Rxa2 51. Rxg4 Rf8 52. Rg6+ Kc5 53. Ke3 Kd5 54. Rb6 Rc8 55. Rb3 a4 56. Rd3+ Ke6 57. Rg2 Rcc2 58. Kf3 Rab2 59. Ke4 Rc4+ 60. Ke3 Kf5 61. Rg8 Re4+ 62. Kf3 Rf4+ 63. Ke3 Rbxf2 64. Rf8+ Ke6 65. Re8+ Kf6 66. Rd6+ Kf5 67. Rf8+ Kg5 68. Rg8+ Kxh5 69. Rgg6 R2f3+ 70. Ke2 a3 71. Ra6 Rb3 72. Rxh6+ Kg5 73. Rhg6+ Kf5 74. Rgf6+ Ke4 75. Ra4+ Kd5 76. Ra5+ Kd4 77. Rd6+ Ke4 78. Re6 Re3+ 79. Kd2 Rf2+ 80. Kd1 Kf5 81. Re8 Rh2 82. Rf8+ Ke6 83. Ra6+ Kd5 84. Rfa8 Rg3 85. Ra5+ Ke6 86. R5a6+ Kf5 87. Rf8+ Ke4 88. Ra4+ Kd5 89. Rd8+ Ke6 90. Ra6+ Ke7 91. Rd2 Rg1+ 92. Kc2 Rxd2+ 93. Kxd2 a2 0-1

[Event "Oberliga Sued W 1920"]
[Site "Germany"]
[Date "2020.03.01"]
[Round "7.1"]
[White "Neuberger, Guido"]
[Black "Bastian, Herbert"]
[Result "1/2-1/2"]
[WhiteElo "2202"]
[BlackElo "2302"]
[PlyCount "26"]
[EventDate "2019.09.29"]
[EventType "team-tourn"]
[EventRounds "9"]
[EventCountry "GER"]
[SourceTitle "EXT 2021"]
[Source "ChessBase"]
[SourceDate "2020.10.23"]
[SourceVersion "1"]
[SourceVersionDate "2020.10.23"]
[SourceQuality "1"]

1. d4 Nf6 2. c4 g6 3. Nc3 Bg7 4. e4 d6 5. Nf3 0-0 6. Be2 Nbd7 7. 0-0 e5 8. h3 exd4 9. Nxd4 Re8 10. Bf3 Ne5 11. Be2 Ned7 12. Bf3 Ne5 13. Be2 Ned7 1/2-1/2

[Event "Oberliga Sued W 1920"]
[Site "Germany"]
[Date "2020.02.09"]
[Round "6.1"]
[White "Bastian, Herbert"]
[Black "Pucher, Sebastien"]
[Result "0-1"]
[WhiteElo "2302"]
[BlackElo "2296"]
[PlyCount "56"]
[EventDate "2019.09.29"]
[EventType "team-tourn"]
[EventRounds "9"]
[EventCountry "GER"]
[SourceTitle "EXT 2021"]
[Source "ChessBase"]
[SourceDate "2020.10.23"]
[SourceVersion "1"]
[SourceVersionDate "2020.10.23"]
[SourceQuality "1"]

1. e4 g6 2. d4 Bg7 3. c3 d6 4. Nf3 Nf6 5. Bd3 0-0 6. 0-0 Nc6 7. Re1 Bg4 8. Nbd2 e5 9. d5 Ne7 10. Bf1 Bh6 11. Nc4 Bxc1 12. Rxc1 Nd7 13. Ne3 Bxf3 14. Qxf3 f5 15. exf5 gxf5 16. Qh3 Rf6 17. Bd3 Qf8 18. g4 e4 19. Nxf5 Nxf5 20. Bxe4 Rh6 21. Qf1 Nh4 22. g5 Rh5 23. f4 Ng6 24. Bxg6 hxg6 25. Re6 Qf5 26. Rce1 Rf8 27. b4 Rf7 28. Qf2 Rxg5+ 0-1

[Event "Oberliga Sued W 1920"]
[Site "Germany"]
[Date "2019.10.20"]
[Round "2.1"]
[White "Carow, Johannes"]
[Black "Bastian, Herbert"]
[Result "1-0"]
[WhiteElo "2433"]
[BlackElo "2302"]
[PlyCount "55"]
[EventDate "2019.09.29"]
[EventType "team-tourn"]
[EventRounds "9"]
[EventCountry "GER"]
[SourceTitle "EXT 2021"]
[Source "ChessBase"]
[SourceDate "2020.10.23"]
[SourceVersion "1"]
[SourceVersionDate "2020.10.23"]
[SourceQuality "1"]

1. c4 e5 2. Nc3 Nc6 3. Nf3 g6 4. d4 exd4 5. Nd5 Bg7 6. Bg5 Nce7 7. Nxd4 c6 8. Nc3 Qa5 9. Qd2 Nf6 10. Nb3 Qf5 11. f3 d5 12. cxd5 cxd5 13. g4 Qe6 14. Nd4 Qd7 15. Qf4 Ne4 16. Nxe4 dxe4 17. Rd1 Bxd4 18. Qxe4 Qe6 19. Qxd4 0-0 20. Bh6 f6 21. Bxf8 Kxf8 22. g5 fxg5 23. Qh8+ Kf7 24. Qxh7+ Kf6 25. Qh8+ Kf7 26. Rd8 Qe3 27. Qf8+ Ke6 28. Bh3+ 1-0

[Event "Oberliga Sued W 1920"]
[Site "Germany"]
[Date "2019.09.29"]
[Round "1.2"]
[White "Bauer, Bjoern Benny"]
[Black "Bastian, Herbert"]
[Result "1-0"]
[WhiteElo "2193"]
[BlackElo "2302"]
[PlyCount "89"]
[EventDate "2019.09.29"]
[EventType "team-tourn"]
[EventRounds "9"]
[EventCountry "GER"]
[SourceTitle "EXT 2021"]
[Source "ChessBase"]
[SourceDate "2020.10.23"]
[SourceVersion "1"]
[SourceVersionDate "2020.10.23"]
[SourceQuality "1"]

1. d4 Nf6 2. c4 g6 3. Nc3 Bg7 4. e4 0-0 5. Be2 d6 6. Nf3 Na6 7. 0-0 e5 8. d5 Nc5 9. Nd2 a5 10. b3 Bh6 11. Qc2 Ne8 12. a3 f5 13. Rb1 Nf6 14. Bd3 f4 15. b4 Na6 16. c5 axb4 17. axb4 Ne8 18. Bxa6 Rxa6 19. f3 g5 20. Nc4 Bg7 21. Ba3 h5 22. b5 Ra8 23. b6 dxc5 24. bxc7 Qxc7 25. Nb5 Qd8 26. Bxc5 Rf7 27. Qb2 Bd7 28. Nbd6 Nxd6 29. Nxd6 b5 30. Nxf7 Kxf7 31. Ra1 Rc8 32. Rfc1 g4 33. Bf2 gxf3 34. gxf3 Rxc1+ 35. Rxc1 h4 36. Qc3 Qg5+ 37. Kf1 Bh3+ 38. Ke2 Bg2 39. d6 Bf6 40. Qb3+ Kg7 41. Rc7+ Kh6 42. d7 Bd8 43. Qe6+ Kg7 44. Rc5 h3 45. Qxe5+ 1-0

[Event "GER-ch 37th"]
[Site "Magdeburg"]
[Date "2019.05.26"]
[Round "1"]
[White "Bastian, Herbert"]
[Black "Krassowizkij, Jaroslaw"]
[Result "0-1"]
[WhiteElo "2297"]
[BlackElo "2450"]
[PlyCount "74"]
[EventDate "2019.05.26"]
[EventType "swiss"]
[EventRounds "9"]
[EventCountry "GER"]
[SourceTitle "CBM 190 Extra"]
[Source "ChessBase"]
[SourceDate "2019.07.15"]
[SourceVersion "1"]
[SourceVersionDate "2019.07.15"]
[SourceQuality "1"]

1. e4 e6 2. d4 d5 3. e5 c5 4. c3 Nc6 5. Nf3 Qb6 6. a3 Nh6 7. b4 cxd4 8. cxd4 Nf5 9. Bb2 Bd7 10. Be2 Be7 11. 0-0 Rc8 12. Qd2 h5 13. Rd1 g5 14. Bc3 a6 15. Ne1 g4 16. Nc2 Rg8 17. a4 Bg5 18. Qe1 Nce7 19. g3 f6 20. Bd3 fxe5 21. Qxe5 Kf7 22. Qe2 Bf6 23. a5 Qd6 24. b5 Bxb5 25. Bxb5 axb5 26. Qxb5 Qc6 27. Qd3 Qc4 28. a6 bxa6 29. Rxa6 Qxd3 30. Rxd3 Rc6 31. Ra7 Rb8 32. Nd2 Rbc8 33. Ra3 Nd6 34. Nb4 Rb6 35. Ra6 Rxa6 36. Nxa6 Nb5 37. Bb2 Rc2 0-1

[Event "Oberliga Sued W 1819"]
[Site "Germany"]
[Date "2019.03.24"]
[Round "8.2"]
[White "Bastian, Herbert"]
[Black "Boidman, Yuri"]
[Result "0-1"]
[WhiteElo "2303"]
[BlackElo "2358"]
[PlyCount "78"]
[EventDate "2018.10.21"]
[EventType "team-tourn"]
[EventRounds "9"]
[EventCountry "GER"]
[SourceTitle "EXT 2020"]
[Source "ChessBase"]
[SourceDate "2019.10.17"]
[SourceVersion "1"]
[SourceVersionDate "2019.10.17"]
[SourceQuality "1"]
[WhiteTeam "Saarbruecken SVG"]
[BlackTeam "Heimbach Weis/Neuwied"]
[WhiteTeamCountry "GER"]
[BlackTeamCountry "GER"]

1. e4 c5 2. Nc3 Nc6 3. g3 g6 4. Bg2 Bg7 5. d3 Rb8 6. f4 b5 7. a3 e6 8. e5 f6 9. Ne4 fxe5 10. Nf3 d5 11. Nxc5 Qb6 12. Nb3 a5 13. Nxe5 Nxe5 14. fxe5 a4 15. Nd2 Qe3+ 16. Qe2 Qxe2+ 17. Kxe2 Bxe5 18. Nf3 Bd6 19. Rf1 Ne7 20. c3 0-0 21. Bh6 Re8 22. Nd4 Bd7 23. Kd2 e5 24. Rf6 Bc7 25. Ne6 Bxe6 26. Rxe6 e4 27. dxe4 dxe4 28. Bxe4 Kf7 29. Ra6 Rbd8+ 30. Bd3 Nf5 31. Rf1 Kg8 32. Bg5 Rd5 33. Rc6 Bd8 34. Bxd8 Rexd8 35. Rf3 Nd6 36. Kc2 Nf7 37. c4 Rh5 38. Re3 Ne5 39. Rc5 Ng4 0-1

[Event "Oberliga Sued W 1718"]
[Site "Germany"]
[Date "2017.09.10"]
[Round "1.3"]
[White "Bastian, Herbert"]
[Black "Michels, Achim"]
[Result "1-0"]
[WhiteElo "2294"]
[BlackElo "2160"]
[PlyCount "93"]
[EventDate "2017.09.10"]
[EventType "team-tourn"]
[EventRounds "11"]
[EventCountry "GER"]
[SourceTitle "EXT 2019"]
[Source "ChessBase"]
[SourceDate "2018.10.10"]
[SourceVersion "1"]
[SourceVersionDate "2018.10.10"]
[SourceQuality "1"]
[WhiteTeam "Saarbruecken SVG"]
[BlackTeam "Gau Algesheim"]
[WhiteTeamCountry "GER"]
[BlackTeamCountry "GER"]

1. e4 c5 2. Nc3 g6 3. d4 cxd4 4. Qxd4 Nf6 5. e5 Nc6 6. Qf4 Nh5 7. Qe4 d6 8. Nf3 Bg7 9. Bb5 Bd7 10. exd6 0-0 11. dxe7 Nxe7 12. 0-0 Bf5 13. Qe2 a6 14. Bg5 Nf6 15. Rad1 Qc7 16. Bc4 Rac8 17. Bb3 Rfe8 18. Qe5 Ne4 19. Qxc7 Rxc7 20. Nxe4 Bxe4 21. Bf4 Rc5 22. Ng5 Rf5 23. Nxe4 Rxf4 24. Rfe1 Rf8 25. g3 Rf3 26. Kg2 Rxb3 27. axb3 Bxb2 28. Nc5 Rc8 29. Nxb7 Rc7 30. Nd6 Rxc2 31. Nc4 Nf5 32. Nxb2 Rxb2 33. Rd3 Ra2 34. Re4 Rc2 35. Rc4 Re2 36. Rc6 Ra2 37. Rc7 h5 38. Ra7 Kg7 39. h3 Ra3 40. Rdd7 Nh6 41. Rdb7 Ra2 42. Kf3 a5 43. g4 hxg4+ 44. hxg4 g5 45. Rb5 Rd2 46. Rxg5+ Kf6 47. Rgxa5 1-0

[Event "Oberliga Sued W 1617"]
[Site "Germany"]
[Date "2016.09.25"]
[Round "1.2"]
[White "Keymer, Vincent"]
[Black "Bastian, Herbert"]
[Result "1-0"]
[WhiteElo "2402"]
[BlackElo "2297"]
[PlyCount "71"]
[EventDate "2016.09.25"]
[EventType "team-tourn"]
[EventRounds "9"]
[EventCountry "GER"]
[SourceTitle "EXT 2018"]
[Source "ChessBase"]
[SourceDate "2017.10.13"]
[SourceVersion "1"]
[SourceVersionDate "2017.10.13"]
[SourceQuality "1"]
[WhiteTeam "Gau Algesheim"]
[BlackTeam "Saarbruecken SVG"]
[WhiteTeamCountry "GER"]
[BlackTeamCountry "GER"]

1. d4 d5 2. c4 e6 3. Nc3 Be7 4. Nf3 Nf6 5. Bf4 c6 6. e3 Nbd7 7. Qc2 Nf8 8. h4 Ng6 9. Bh2 Bd6 10. Bxd6 Qxd6 11. h5 Ne7 12. 0-0-0 0-0 13. Bd3 dxc4 14. Bxc4 b5 15. Bd3 Ned5 16. e4 Qf4+ 17. Kb1 Nb4 18. Qe2 Nxd3 19. Qxd3 b4 20. Rh4 Qb8 21. Na4 h6 22. Ne5 Qd6 23. Nc5 Nd7 24. Ncxd7 Bxd7 25. Rg4 Rfd8 26. Qe3 Qf8 27. Qxh6 f5 28. Rg3 fxe4 29. Qg6 Be8 30. Qxe6+ Bf7 31. Qh3 Rd6 32. h6 g6 33. h7+ Kg7 34. Rh1 Kh8 35. Qh6 Rf6 36. Qxf8+ 1-0

[Event "Oberliga Sued W 1516"]
[Site "Germany"]
[Date "2015.12.13"]
[Round "4.3"]
[White "Fritsche, Lutz"]
[Black "Bastian, Herbert"]
[Result "1-0"]
[WhiteElo "2304"]
[BlackElo "2325"]
[PlyCount "107"]
[EventDate "2015.09.20"]
[EventType "team-tourn"]
[EventRounds "9"]
[EventCountry "GER"]
[SourceTitle "CBM 170 Extra"]
[Source "ChessBase"]
[SourceDate "2016.02.25"]
[SourceVersion "1"]
[SourceVersionDate "2016.02.25"]
[SourceQuality "1"]
[WhiteTeam "Koblenz"]
[BlackTeam "Saarbruecken SVG"]
[WhiteTeamCountry "GER"]
[BlackTeamCountry "GER"]

1. e4 c5 2. Nc3 Nc6 3. g3 g6 4. d3 Bg7 5. Be3 d6 6. Qd2 Rb8 7. Bg2 b5 8. a3 a5 9. Rb1 b4 10. axb4 axb4 11. Nce2 Nd4 12. Nf3 e5 13. 0-0 Nxe2+ 14. Qxe2 Ne7 15. c3 0-0 16. d4 exd4 17. cxd4 Qb6 18. Rfd1 Ba6 19. Qd2 c4 20. d5 Qc7 21. Bd4 c3 22. Qc2 Be2 23. Re1 Bxf3 24. Bxg7 Kxg7 25. Bxf3 f5 26. Rbc1 Qc4 27. bxc3 b3 28. Qd2 h6 29. e5 dxe5 30. Rxe5 Ng8 31. d6 Rfd8 32. Be2 Qc6 33. Qd4 Kh7 34. Re6 Qb6 35. Qe5 Qa7 36. c4 Qa2 37. Bd3 Qd2 38. Ra1 Rd7 39. Qd4 b2 40. Rb1 Rb3 41. Re3 Qb4 42. Bf1 Rxe3 43. fxe3 Qxd6 44. Qxd6 Rxd6 45. Rxb2 Nf6 46. c5 Rd1 47. c6 Rc1 48. Rb7+ Kh8 49. c7 Ng8 50. Kf2 Ne7 51. Ba6 Rc2+ 52. Ke1 Rxh2 53. Rb8+ Kg7 54. Re8 1-0

[Event "GER-ch 86th"]
[Site "Saarbruecken"]
[Date "2015.12.08"]
[Round "6"]
[White "Liedtke, Matthias"]
[Black "Bastian, Herbert"]
[Result "1/2-1/2"]
[WhiteElo "2286"]
[BlackElo "2328"]
[PlyCount "96"]
[EventDate "2015.12.03"]
[EventType "swiss"]
[EventRounds "9"]
[EventCountry "GER"]
[SourceTitle "CBM 169 Extra"]
[Source "ChessBase"]
[SourceDate "2015.12.18"]
[SourceVersion "1"]
[SourceVersionDate "2015.12.18"]
[SourceQuality "1"]

1. e4 c5 2. Nc3 Nc6 3. g3 g6 4. Bg2 Bg7 5. d3 d6 6. Nh3 Nf6 7. 0-0 0-0 8. f4 Bg4 9. Qd2 Bd7 10. Nf2 Rb8 11. Qd1 b5 12. a3 a5 13. h3 b4 14. Ne2 Qb6 15. g4 Ne8 16. Ng3 Nc7 17. Kh1 Nb5 18. a4 Nbd4 19. Bd2 b3 20. c3 Nc2 21. Rb1 Na7 22. g5 Bxa4 23. Ng4 Bd7 24. f5 f6 25. gxf6 exf6 26. Bh6 Qd8 27. Bxg7 Kxg7 28. Qd2 Qe7 29. h4 Kh8 30. Rf2 Nc6 31. Rbf1 Qg7 32. Bh3 Ne5 33. Rg1 Nxg4 34. Bxg4 a4 35. Bh3 a3 36. bxa3 Nxa3 37. Nh5 gxh5 38. Rxg7 Kxg7 39. Rg2+ Kh8 40. Qh6 Rf7 41. Qxh5 Rg7 42. Qh6 Rxg2 43. Kxg2 b2 44. Qxf6+ Kg8 45. Qg5+ Kf7 46. Qh5+ Kf8 47. Qxh7 b1Q 48. Qh8+ Kf7 1/2-1/2